000 00749cam a22002531a 4500
001 8184
003 BD-RjUL
005 20211208234534.0
008 140118s1968 njua b 000 0 eng d
035 _a(BD-RjUL)8229
040 _aLC
_beng
_cLC
_dXNTU
_dBD-RjUL
041 _aeng
082 0 4 _a155.453
_bCHI 1968
245 1 0 _aChildren's behavior disorders :
_ban enduring problem in psychology.
_cEdited by Herbert C. Quay.
260 _aPrinceton, N.J. :
_bVan Nostrand,
_c[1968].
300 _avi, 186 p. :
_billus.
_c19 cm.
490 0 _aAn Insight book
504 _aIncludes bibliographies.
650 0 _aProblem children.
_925485
700 1 _aQuay, Herbert C.
_925486
942 _2ddc
_cBK
999 _c8184
_d8184